000 00963cad a22002295a 4500
001 E151874
008 101215s2010 xxk f 100 0 eng d
020 _a9781842196199
035 _a(Sirsi) u151874
041 0 _aeng
100 1 _aWilliams, Peter
111 2 _aConstruction and Building Research Conference
_cDauphine Universite, Paris
_d2-3 September 2010
245 0 0 _aManaging urbanisation and environmental protection in Australian cities
_bapproaches for integrating biodiversity and urban growth in Sydney
_h[electronic resource]
260 _aLondon
_bRICS
_c2010
520 _aA paper presented at the COBRA Conference in Paris on 2-3 September 2010.
590 _aKA
650 2 4 _aCONSTRUCTION AND BUILDING RESEARCH CONFERENCE (COBRA)
651 4 _aAustralia
690 _aPlanning and development
_96259
856 4 0 _uhttps://www.rics.org/site/scripts/download_info.aspx?fileID=7997&categoryID=720
_zBroken link - not available
942 _n0
999 _c111694
_d111694